000 005280000a22001810004500
041 0 _aSPA
082 0 4 _aG 278.5 M3938c
100 1 _aMarzal, Manuel
245 1 0 _aLos caminos reigiosos de los inmigrantes en la gran Lima : El caso de El Agustino / Manuel M. Marzal
250 _a2
260 _aLima, Perú : Pontificia universidad Católica del Perú
300 _a452 Pag
001 8588
942 _cBK
999 _c38724
_d38724
336 _atexto
_btxt
_2rdacontent
337 _2rdamedia
_asin mediación
_bn
338 _2rdacarrier
_avolumen
_bnc